|
|
|
|
| LEADER |
00000nam a2200000 4500 |
| 001 |
vtls011759725 |
| 003 |
SK-MaSNL |
| 005 |
20260301143158.0 |
| 008 |
200205s2017 xo o g n 001 0dslo |
| 015 |
|
|
|a SNBA2018/07
|
| 020 |
|
|
|a 9788081525803
|q (viazané)
|
| 035 |
|
|
|a urn:nbn:sk:snk-am00d7q0
|
| 035 |
|
|
|a urn:nbn:sk:snk-am3hsim
|
| 035 |
|
|
|a DCFE1208-A751-48C6-BAB7-0C2601B85821
|
| 040 |
|
|
|a SNK
|b slo
|c SNK
|e rda
|
| 041 |
0 |
|
|a slo
|b eng
|
| 044 |
|
|
|a xo
|c SK
|
| 072 |
|
7 |
|a 14
|x Filozofické systémy a hľadiská
|2 konspekt
|
| 080 |
|
|
|a 14(091)
|2 2011
|
| 080 |
|
|
|a 11
|2 2011
|
| 080 |
|
|
|a (048.8:082)
|2 2011
|
| 080 |
|
|
|a 14(430)-051
|2 2011
|
| 080 |
|
|
|a 14(430)
|2 2011
|
| 100 |
1 |
|
|a Leško, Vladimír,
|d 1950-
|4 aut
|4 com
|9 113867
|
| 245 |
1 |
0 |
|a Heidegger a novoveká metafyzika
|c Vladimír Leško, Milan Sobotka a kol.
|
| 250 |
|
|
|a Vydanie prvé
|
| 264 |
|
1 |
|a Košice
|b Univerzita Pavla Jozefa Šafárika v Košiciach
|c 2017
|
| 300 |
|
|
|a 889 strán
|b farebné fotografie
|c 24 cm
|
| 336 |
|
|
|a text
|b txt
|2 rdacontent
|
| 337 |
|
|
|a bez média
|b n
|2 rdamedia
|
| 338 |
|
|
|a zväzok
|b nc
|2 rdacarrier
|
| 366 |
|
|
|e 150 kusov. Nepredajná
|
| 490 |
1 |
|
|a Acta Facultatis Philosophicae Universitatis Šafarikianae. Monografia
|v 105/2017
|
| 500 |
|
|
|a Obsahuje biografické údaje o autoroch
|
| 504 |
|
|
|a Bibliografia na strane 853-879 ; bibliografické odkazy a poznámky ; register
|
| 521 |
|
|
|a Účelová publikácia
|
| 546 |
|
|
|a Anglické resumé
|
| 600 |
1 |
7 |
|a Heidegger, Martin,
|d 1889-1976
|2 SNKMA
|9 109315
|
| 650 |
0 |
7 |
|a dejiny filozofie
|2 SNKPH
|9 66641
|
| 650 |
0 |
7 |
|a History of philosophy
|2 SNKPHeng
|9 281655
|
| 650 |
0 |
7 |
|a metafyzika
|2 SNKPH
|9 810
|
| 650 |
0 |
7 |
|a Metaphysics
|2 SNKPHeng
|9 302772
|
| 650 |
0 |
7 |
|a nemeckí filozofi
|2 SNKPH
|9 76071
|
| 650 |
0 |
7 |
|a German philosophers
|2 SNKPHeng
|9 302770
|
| 650 |
0 |
7 |
|a nemecká klasická filozofia
|2 SNKPH
|9 67364
|
| 650 |
0 |
7 |
|a German philosophy
|2 SNKPHeng
|9 316671
|
| 655 |
|
7 |
|a kolektívne monografie
|2 SNKPH
|9 249850
|
| 655 |
|
7 |
|a Collective monographs
|2 SNKPHeng
|9 125747
|
| 700 |
1 |
|
|a Sobotka, Milan
|4 aut
|4 com
|9 285730
|
| 830 |
|
0 |
|a Acta Facultatis Philosophicae Universitatis Šafarikianae
|p Monografia
|9 344317
|
| 919 |
|
|
|a 978-80-8152-580-3
|
| 958 |
|
|
|a NB
|
| 999 |
|
|
|c 772849
|d 774779
|
| 952 |
|
|
|a SNK
|b SNK
|y PREZ
|7 0
|p 17A1331695
|o snkSC 179745
|i snk2018/12030
|8 0
|0 0
|1 0
|4 0
|d 2018-06-01
|f 1
|l 0
|r 2026-02-24 00:40:12
|w 2026-02-24
|
| 952 |
|
|
|a SNK
|b SNK
|y VYP
|7 0
|p 17A1331696
|o snkSC 179745 D1
|i snk2018/12031
|8 0
|0 0
|1 0
|4 0
|d 2018-06-01
|l 0
|r 2026-02-24 00:40:12
|w 2026-02-24
|